Conrad Ferdinand Meyer a francouzská kultura /

Main Author: Jungwirth, Karel, 1913-1978
Corporate Author: Univerzita Karlova. Filologická fakulta
Language: Czech
Published: Praha : [Filologická fakulta University Karlovy], 1951
Physical Description: 101 s.
Book
Saved in:
LEADER 00762nam a2200217 a 4500
001 000605944
003 CZ BrMZK
005 20040402104754.0
007 ta
008 020612s1951 xr f cze d
035 |a (OCoLC)85581276 
040 |a BOA001  |b cze  |c BOA001 
100 1 |a Jungwirth, Karel,  |d 1913-1978  |7 jk01052194  |4 dis 
245 1 0 |a Conrad Ferdinand Meyer a francouzská kultura /  |c Karel Jungwirth 
260 |a Praha :  |b [Filologická fakulta University Karlovy],  |c 1951 
300 |a 101 s. 
502 |a Disertace -- Univerzita Karlova, 1951 
710 2 |a Univerzita Karlova.  |b Filologická fakulta  |7 ko2004226828 
910 |a BOA001  |b 4-0280.873 
990 |a BK 
996 6 |b 2619446244  |c 4-0280.873  |l MZK  |r Sklad / do 24 hodin  |n 0  |w 000605944  |u 000010  |a 1  |e BOA001  |j MZK50  |s P